The Penguin Dictionary of Geology / (Record no. 531532)
[ view plain ]
| 000 -LEADER | |
|---|---|
| fixed length control field | 00360nam a22001457a 4500 |
| 003 - CONTROL NUMBER IDENTIFIER | |
| control field | NUST |
| 020 ## - INTERNATIONAL STANDARD BOOK NUMBER | |
| International Standard Book Number | 0140510494 |
| Qualifying information | P/B. |
| 038 ## - RECORD CONTENT LICENSOR | |
| Staff Name | waseem |
| 082 ## - DEWEY DECIMAL CLASSIFICATION NUMBER | |
| Classification number | 550.3 |
| Author Mark | CHA |
| 100 ## - MAIN ENTRY--PERSONAL NAME | |
| Personal name | Whitten, D.G.A. |
| 9 (RLIN) | 24354 |
| 245 ## - TITLE STATEMENT | |
| Title | The Penguin Dictionary of Geology / |
| Statement of responsibility, etc. | D.G.A. Whitten |
| 260 ## - PUBLICATION, DISTRIBUTION, ETC. | |
| Place of publication, distribution, etc. | U.S.A : |
| Name of publisher, distributor, etc. | Penguin Books, |
| Date of publication, distribution, etc. | 1975. |
| 300 ## - PHYSICAL DESCRIPTION | |
| Extent | 494 p. ; |
| 942 ## - ADDED ENTRY ELEMENTS (KOHA) | |
| Source of classification or shelving scheme | |
| Koha item type | Book |
| Withdrawn status | Lost status | Source of classification or shelving scheme | Damaged status | Not for loan | Permanent Location | Current Location | Date acquired | Source of acquisition | Total Checkouts | Full call number | Barcode | Checked out | Date last seen | Date last checked out | Price effective from | Koha item type |
|---|---|---|---|---|---|---|---|---|---|---|---|---|---|---|---|---|
| Central Library (CL) | Central Library (CL) | 10/18/2019 | Donation | 1 | 550.3 CHA | CL-D-718 | 10/19/2019 | 10/18/2019 | 10/18/2019 | 10/18/2019 | Book |
